00512nam a2200157 a 450000500170000000800410001702000180005805000240007610000180010024501250011826000440024330000210028752100090030865000220031765000150033920140310183554.0111026s19uu xx 00 eng d a9780470561997 aHD 62.4b.C355 2010 aCalloway, Joe aNever by chance :baligning people and strategy through intentional leadership /cJoe Calloway, Chuck Feltz, Kris Young. aNew Jersey :bJohn Wiley & Sons,c2010. a154 p. :c24 cm. aBSBA aBusiness planning aLeadership